[Event "Druzynowe Mistrzostwa Polski - I Liga Seniorow 2019"]
[Site "Osrodek „Grod Piastow” ul. Jachtowa 42, 78-131 Dzwirzyno"]
[Date "1899-12-30"]
[Round "4.16"]
[White "Kokoszczynski, Jan"]
[Black "Walter, Szymon"]
[Result "1-0"]
[WhiteTitle "k"]
[BlackTitle "FM"]
[WhiteElo "2289"]
[BlackElo "2311"]

1. d4 Nf6 2. c4 e6 3. Nc3 Bb4 4. f3 d5 5. a3 Be7 6. e4 dxe4 7. fxe4 e5 8. d5 Bc5
9. Nf3 Bg4 10. h3 Bxf3 11. Qxf3 Nbd7 12. Bg5 c6 13. O-O-O Qc7 14. Kb1 O-O 15.
g4 a5 16. h4 Ne8 17. Be3 Bd4 18. Bxd4 exd4 19. Rxd4 Nc5 20. Bg2 Qe5 21. Rhd1 Nb3
22. R4d3 Nc5 23. R3d2 Nb3 24. Rf2 Nd6 25. Na4 b5 26. Nb6 bxc4 27. Nxa8 Nb5 28.
Nb6 c3 29. Nd7 c2+ 30. Rxc2 Nxa3+ 31. Ka2 1-0

[Event "Druzynowe Mistrzostwa Polski - I Liga Seniorow 2019"]
[Site "Osrodek „Grod Piastow” ul. Jachtowa 42, 78-131 Dzwirzyno"]
[Date "1899-12-30"]
[Round "4.19"]
[White "Kolago, Marcin"]
[Black "Cukrowski, Filip"]
[Result "1/2-1/2"]
[WhiteTitle "m"]
[BlackTitle "FM"]
[WhiteElo "2340"]
[BlackElo "2410"]

1. e4 c5 2. Nf3 Nc6 3. d4 cxd4 4. Nxd4 Nf6 5. Nc3 d6 6. Be3 e5 7. Nb3 Be7 8. f3
O-O 9. Qd2 Be6 10. O-O-O a5 11. Bb5 Na7 12. Be2 Nc6 13. Bb5 Na7 1/2-1/2

[Event "Druzynowe Mistrzostwa Polski - I Liga Seniorow 2019"]
[Site "Osrodek „Grod Piastow” ul. Jachtowa 42, 78-131 Dzwirzyno"]
[Date "1899-12-30"]
[Round "4.21"]
[White "Rawicz, Karol"]
[Black "Plichta, Kamil"]
[Result "1-0"]
[WhiteTitle "FM"]
[BlackTitle "FM"]
[WhiteElo "2200"]
[BlackElo "2349"]

1. d4 Nf6 2. c4 g6 3. Nc3 Bg7 4. Nf3 O-O 5. g3 d6 6. Bg2 Nbd7 7. O-O e5 8. h3 exd4
9. Nxd4 Re8 10. e4 c6 11. Be3 a5 12. Qc2 Nc5 13. Rad1 Qb6 14. Nb3 Qb4 15. Nxc5
dxc5 16. Na4 Be6 17. b3 b5 18. Bxc5 bxa4 19. Bxb4 axb3 20. axb3 axb4 21. e5 Nd7
22. Bxc6 Nxe5 23. Bxa8 Rxa8 24. Qe4 Re8 25. Rfe1 Bf5 26. Qd5 Bc2 27. Ra1 1-0

[Event "Druzynowe Mistrzostwa Polski - I Liga Seniorow 2019"]
[Site "Osrodek „Grod Piastow” ul. Jachtowa 42, 78-131 Dzwirzyno"]
[Date "1899-12-30"]
[Round "4.25"]
[White "Antoniewski, Rafal"]
[Black "Szwed, Jacek"]
[Result "0-1"]
[WhiteTitle "GM"]
[BlackTitle "FM"]
[WhiteElo "2497"]
[BlackElo "2370"]

1. Nf3 d5 2. d4 Nf6 3. c4 dxc4 4. e3 e6 5. Bxc4 c5 6. Qe2 a6 7. dxc5 Bxc5 8. O-O
Nc6 9. e4 b5 10. Bb3 Nd4 11. Nxd4 Qxd4 12. Be3 Qe5 13. Bxc5 Qxc5 14. e5 Nd7 15.
Re1 Bb7 16. Nc3 O-O 17. Qh5 Rfd8 18. Ne4 Bxe4 19. Rxe4 Nf6 0-1

[Event "Druzynowe Mistrzostwa Polski - I Liga Seniorow 2019"]
[Site "Osrodek „Grod Piastow” ul. Jachtowa 42, 78-131 Dzwirzyno"]
[Date "1899-12-30"]
[Round "4.26"]
[White "Zylka, Stanislaw"]
[Black "Cyborowski, Lukasz"]
[Result "1/2-1/2"]
[WhiteTitle "FM"]
[BlackTitle "GM"]
[WhiteElo "2338"]
[BlackElo "2509"]

1. e4 e5 2. Nf3 Nf6 3. Nxe5 d6 4. Nf3 Nxe4 5. Nc3 Nxc3 6. dxc3 Be7 7. Be3 Nc6 8.
Qd2 Be6 9. O-O-O Qd7 10. h4 h6 11. Kb1 Bf6 12. Nd4 Nxd4 13. Bxd4 Bxd4 14. Qxd4
O-O 15. Be2 Rae8 16. Bf3 b6 17. g4 Qb5 18. g5 Qc4 19. gxh6 Qxd4 20. cxd4 gxh6
21. Bc6 Rd8 22. d5 Bd7 23. Bxd7 Rxd7 24. Rhg1+ Kh7 25. Rde1 Rg8 26. Rxg8 Kxg8
27. Re8+ Kg7 28. b4 Kf6 29. Kb2 Re7 30. Ra8 Ke5 31. c4 Kd4 32. Kb3 a5 33. bxa5
bxa5 34. Rxa5 Re1 35. Ra7 Rb1+ 36. Kc2 Rf1 37. Rxc7 Rxf2+ 38. Kb3 f5 39. Rd7 Kc5
40. Rc7+ Kd4 41. Rd7 Kc5 42. Rc7+ 1/2-1/2

[Event "Druzynowe Mistrzostwa Polski - I Liga Seniorow 2019"]
[Site "Osrodek „Grod Piastow” ul. Jachtowa 42, 78-131 Dzwirzyno"]
[Date "1899-12-30"]
[Round "4.27"]
[White "Nurkiewicz, Maciej"]
[Black "Koziol, Kamil"]
[Result "1/2-1/2"]
[WhiteTitle "m"]
[BlackTitle "FM"]
[WhiteElo "2334"]
[BlackElo "2292"]

1. d4 d5 2. c4 e6 3. Nf3 Nf6 4. Nc3 Bb4 5. cxd5 exd5 6. Qa4+ Nc6 7. Bg5 h6 8. Bxf6
Qxf6 9. e3 O-O 10. Be2 a6 11. O-O Be6 12. Rfc1 Bd6 13. Qd1 Ne7 14. Rab1 Bf5 15.
Bd3 Bg4 16. b4 c6 17. Na4 Ng6 18. Nc5 Nh4 19. Be2 Bxf3 20. Bxf3 Nxf3+ 21. Qxf3
Qe7 22. a4 Rfc8 23. g3 Rc7 24. Nd3 g6 25. b5 axb5 26. axb5 Kg7 27. bxc6 bxc6 28.
Rb6 Rac8 29. Nc5 Bxc5 30. Rxc5 h5 31. h4 Qe6 32. Rb1 Ra7 33. Rbc1 Re7 34. Qf4
Kg8 35. Qg5 Rec7 36. R1c3 Ra7 37. Kh2 Rac7 38. Qf4 Re7 39. Kg2 Kg7 40. Qg5 Rec7
41. Rc1 Qe4+ 1/2-1/2

[Event "Druzynowe Mistrzostwa Polski - I Liga Seniorow 2019"]
[Site "Osrodek „Grod Piastow” ul. Jachtowa 42, 78-131 Dzwirzyno"]
[Date "1899-12-30"]
[Round "4.30"]
[White "Cieslak, Wiktoria"]
[Black "Kulon, Klaudia"]
[Result "0-1"]
[WhiteTitle "k++"]
[BlackTitle "IM"]
[WhiteElo "2063"]
[BlackElo "2339"]

1. e4 d5 2. exd5 Nf6 3. d4 Nxd5 4. c4 Nb6 5. h3 g6 6. Nf3 Bg7 7. Be2 O-O 8. O-O
Nc6 9. Be3 e5 10. d5 Ne7 11. Nc3 Nf5 12. c5 Nd7 13. b4 a5 14. Qb3 Nd4 15. Bxd4
exd4 16. Ne4 d3 17. Bxd3 Bxa1 18. Rxa1 Nf6 19. Rd1 axb4 20. d6 cxd6 21. cxd6 Bd7
22. Qxb4 Bc6 23. Ne5 Bxe4 24. Bxe4 Qe8 25. Bxb7 Qxe5 26. Bxa8 Rxa8 27. d7 Rd8
28. a4 Rxd7 29. Rxd7 Nxd7 30. a5 Nc5 31. Qb6 Qe1+ 32. Kh2 Qxf2 33. a6 Qf4+ 34.
Kh1 Qf1+ 35. Kh2 Nxa6 36. Qd6 h5 37. Qb6 Kg7 38. Qc6 Qf6 39. Qc4 Qe5+ 40. Kh1
Nc5 41. Qb5 h4 42. Qc4 Ne4 43. Qb4 Ng3+ 44. Kg1 Qa1+ 45. Kf2 Qf1+ 46. Ke3 Qe2+
47. Kf4 Nh5+ 0-1

[Event "Druzynowe Mistrzostwa Polski - I Liga Seniorow 2019"]
[Site "Osrodek „Grod Piastow” ul. Jachtowa 42, 78-131 Dzwirzyno"]
[Date "1899-12-30"]
[Round "5.7"]
[White "Cukrowski, Filip"]
[Black "Antoniewski, Rafal"]
[Result "1/2-1/2"]
[WhiteTitle "FM"]
[BlackTitle "GM"]
[WhiteElo "2410"]
[BlackElo "2497"]

1. e4 c6 2. d4 d5 3. Nc3 dxe4 4. Nxe4 Nd7 5. Bd3 Ngf6 6. Ng5 e6 7. N1f3 Bd6 8.
Qe2 h6 9. Ne4 Nxe4 10. Qxe4 Qc7 11. Bd2 b6 12. O-O-O Bb7 13. c4 O-O-O 14. Bc3
Kb8 15. Kb1 c5 16. Qe2 cxd4 17. Nxd4 a6 18. Rhe1 Rhe8 19. Be4 Nf6 20. Bxb7 1/2-1/2

[Event "Druzynowe Mistrzostwa Polski - I Liga Seniorow 2019"]
[Site "Osrodek „Grod Piastow” ul. Jachtowa 42, 78-131 Dzwirzyno"]
[Date "1899-12-30"]
[Round "5.8"]
[White "Cyborowski, Lukasz"]
[Black "Lewtak, Damian"]
[Result "1/2-1/2"]
[WhiteTitle "GM"]
[BlackTitle "FM"]
[WhiteElo "2509"]
[BlackElo "2377"]

1. Nf3 d5 2. g3 g6 3. d4 Bg7 4. c4 c6 5. cxd5 cxd5 6. Bg2 Nc6 7. Nc3 e6 8. O-O
Nge7 9. b3 Nf5 10. e3 O-O 11. Bb2 b6 12. Qd2 Bb7 13. Rac1 Nd6 14. Rfd1 Rc8 1/2-1/2

[Event "Druzynowe Mistrzostwa Polski - I Liga Seniorow 2019"]
[Site "Osrodek „Grod Piastow” ul. Jachtowa 42, 78-131 Dzwirzyno"]
[Date "1899-12-30"]
[Round "5.12"]
[White "Kulon, Klaudia"]
[Black "Jablonska, Sabina"]
[Result "1-0"]
[WhiteTitle "IM"]
[BlackTitle "k"]
[WhiteElo "2339"]
[BlackElo "1928"]

1. f4 d5 2. Nf3 c5 3. g3 Nc6 4. Bg2 e6 5. O-O Bd6 6. d3 Nge7 7. e4 Bc7 8. e5 b6
9. c3 Bb7 10. a3 a5 11. d4 a4 12. Be3 cxd4 13. Nxd4 Nxd4 14. cxd4 Qd7 15. Nc3
Ba6 16. Rf3 Bc4 17. g4 h5 18. Rh3 b5 19. Bf2 Ng6 20. Rxh5 Rxh5 21. gxh5 Nxf4 22.
Qg4 Nd3 23. Bh4 Bd8 24. Bxd8 Kxd8 25. Qxg7 Nf4 26. Qf6+ 1-0

[Event "Druzynowe Mistrzostwa Polski - I Liga Seniorow 2019"]
[Site "Osrodek „Grod Piastow” ul. Jachtowa 42, 78-131 Dzwirzyno"]
[Date "1899-12-30"]
[Round "5.13"]
[White "Chylewski, Patryk"]
[Black "Kolago, Marcin"]
[Result "1/2-1/2"]
[WhiteTitle "FM"]
[BlackTitle "m"]
[WhiteElo "2342"]
[BlackElo "2340"]

1. e4 d5 2. exd5 Qxd5 3. Nc3 Qd6 4. d4 Nf6 5. Nf3 Bg4 6. h3 Bxf3 7. Qxf3 Nc6 8.
Be3 O-O-O 9. O-O-O e6 10. Bb5 Be7 11. Rhe1 a6 12. Bf4 Qd7 13. Bxc6 Qxc6 14. d5
Qc4 15. dxe6 Rxd1+ 16. Rxd1 Qxe6 17. Nd5 Nxd5 1/2-1/2

[Event "Druzynowe Mistrzostwa Polski - I Liga Seniorow 2019"]
[Site "Osrodek „Grod Piastow” ul. Jachtowa 42, 78-131 Dzwirzyno"]
[Date "1899-12-30"]
[Round "5.19"]
[White "Sopur, Lech"]
[Black "Klekowski, Maciej"]
[Result "1/2-1/2"]
[WhiteTitle "m"]
[BlackTitle "IM"]
[WhiteElo "2417"]
[BlackElo "2473"]

1. d4 d5 2. c4 e6 3. Nc3 Nf6 4. Nf3 Be7 5. Bg5 h6 6. Bh4 b6 7. e3 Bb7 8. cxd5 Nxd5
9. Bxe7 Qxe7 10. Qa4+ Qd7 11. Bb5 c6 12. Be2 Nxc3 1/2-1/2

[Event "Druzynowe Mistrzostwa Polski - I Liga Seniorow 2019"]
[Site "Osrodek „Grod Piastow” ul. Jachtowa 42, 78-131 Dzwirzyno"]
[Date "1899-12-30"]
[Round "5.25"]
[White "Golubka, Petro"]
[Black "Sapis, Witalis"]
[Result "1/2-1/2"]
[WhiteTitle "IM"]
[BlackTitle "IM"]
[WhiteElo "2479"]
[BlackElo "2376"]

1. d4 c6 2. c4 d5 3. Nc3 Nf6 4. Nf3 a6 5. b3 Bf5 6. e3 e6 7. Bb2 Nbd7 8. Bd3 Bxd3
9. Qxd3 b5 10. O-O Be7 11. Nd2 O-O 12. Rfd1 Qb8 1/2-1/2

[Event "Druzynowe Mistrzostwa Polski - I Liga Seniorow 2019"]
[Site "Osrodek „Grod Piastow” ul. Jachtowa 42, 78-131 Dzwirzyno"]
[Date "1899-12-30"]
[Round "5.26"]
[White "Godzwon, Iwo"]
[Black "Kislinsky, Alexey"]
[Result "0-1"]
[WhiteTitle "FM"]
[BlackTitle "GM"]
[WhiteElo "2265"]
[BlackElo "2448"]

1. e4 c5 2. Nf3 Nc6 3. d4 cxd4 4. Nxd4 g6 5. Nc3 Bg7 6. Be3 Nf6 7. Bc4 O-O 8. Bb3
d6 9. f3 Bd7 10. h4 Na5 11. Qd2 Nxb3 12. axb3 h5 13. O-O-O a5 14. g4 a4 15. gxh5
Nxh5 16. bxa4 b5 17. axb5 Ra1+ 18. Nb1 Qa8 19. Qb4 Rb8 20. c4 Rc8 21. Qb3 Ng3
22. Rh2 d5 23. exd5 Bxd4 24. Rxd4 Bf5 25. Rc2 Ne2+ 26. Rxe2 Rxb1+ 27. Kd2 Qa5+
28. Qc3 Rxb2+ 0-1

[Event "Druzynowe Mistrzostwa Polski - I Liga Seniorow 2019"]
[Site "Osrodek „Grod Piastow” ul. Jachtowa 42, 78-131 Dzwirzyno"]
[Date "1899-12-30"]
[Round "5.30"]
[White "Gosciniak, Maria"]
[Black "Kantane, Anna"]
[Result "1/2-1/2"]
[WhiteTitle "WFM"]
[BlackTitle "WIM"]
[WhiteElo "2132"]
[BlackElo "2273"]

1. e4 c5 2. Nf3 e6 3. d4 cxd4 4. Nxd4 Nc6 5. Nxc6 bxc6 6. Bd3 d5 7. O-O Nf6 8.
Nc3 Be7 9. Qe2 Qc7 10. e5 Nd7 11. f4 Nc5 12. Kh1 Rb8 13. b3 Nxd3 14. cxd3 O-O
15. Bb2 f6 16. Na4 Qa5 17. Rac1 Bd7 18. exf6 Bxf6 19. Nc5 Qd8 20. Bxf6 Rxf6 21.
Qe5 Rc8 22. Qd6 Be8 23. Qxd8 Rxd8 24. d4 Bg6 25. g3 h5 26. h4 Kf8 27. Rfe1 Ke7
28. Re3 Rc8 29. Kg1 Kd6 30. Rec3 Rb8 31. a3 Rff8 32. b4 Rfc8 33. Nb3 Rb6 34. Re1
Rf8 35. Rce3 Rf6 36. Nc5 Bf5 37. Rb3 Rf8 38. Kf2 Bg4 39. Rbe3 Rf6 40. Nd3 Bf5
41. Nc5 Rh6 42. R1e2 Rf6 43. Rb2 Rf8 44. Reb3 Re8 45. a4 Reb8 46. Ke1 Rf8 47.
Kd2 Rf6 48. b5 Rg6 49. Re3 Rf6 50. Reb3 Rg6 51. bxc6 Rxc6 52. Rb7 Rxc5 53. dxc5+
Kxc5 54. R2b3 d4 55. Rxa7 d3 56. Ra5+ Kc6 57. Ra6+ Kc7 58. Ra7+ Kc6 59. Rbb7 Rxg3
60. Rxg7 Rf3 61. Rg2 Rxf4 62. Rh2 Kb6 63. Ra8 Kb7 64. Ra5 Kb6 65. Rb5+ Kc6 66.
Ra5 Kb6 67. Ra8 Kb7 68. Ra5 1/2-1/2

[Event "Druzynowe Mistrzostwa Polski - I Liga Seniorow 2019"]
[Site "Osrodek „Grod Piastow” ul. Jachtowa 42, 78-131 Dzwirzyno"]
[Date "1899-12-30"]
[Round "6.1"]
[White "Nayhebaver, Martin"]
[Black "Sapis, Witalis"]
[Result "1/2-1/2"]
[WhiteTitle "IM"]
[BlackTitle "IM"]
[WhiteElo "2469"]
[BlackElo "2376"]

1. e4 c6 2. Nc3 d5 3. Nf3 Bg4 4. h3 Bxf3 5. Qxf3 Nf6 6. Be2 Nxe4 7. Nxe4 dxe4 8.
Qxe4 Nd7 9. d4 Nf6 10. Qe3 e6 11. O-O Bd6 12. c3 O-O 13. g3 Re8 14. Qf3 e5 15.
dxe5 Bxe5 16. Bc4 Qc7 17. Be3 Rad8 18. Rfd1 a6 19. Kg2 h6 20. Bb3 Qe7 21. a4 Bc7
22. Rxd8 Rxd8 23. Bd4 Qe4 24. Qxe4 Nxe4 25. Re1 Re8 26. Rd1 Rd8 27. f4 Nd6 28.
Be5 Nf5 29. Rxd8+ Bxd8 30. g4 Nh4+ 31. Kg3 Ng6 32. Bd6 Be7 33. Bc7 Nf8 34. Kf3
Nd7 35. Bc2 Kf8 36. b4 Ke8 37. Bb3 Bf6 38. c4 Bc3 39. Bd6 a5 40. bxa5 Bxa5 41.
Bc2 Nb6 42. Bb3 Nd7 43. Ba3 b6 44. Bb2 Nc5 45. Bc2 Kf8 46. Bd4 Bb4 47. h4 f6 48.
h5 Kf7 49. Ke3 Kf8 50. Bd1 Kf7 51. Bf3 Nxa4 52. Bxc6 Nc5 53. Bd5+ Kf8 54. g5 hxg5
55. fxg5 fxg5 56. Kf3 Na4 57. Kg4 Bc3 58. Bf2 Nc5 59. Kxg5 Nd7 60. Kf5 Ke7 61.
Bc6 Nc5 62. Bg3 Bd4 63. Bh2 Nd7 64. Bc7 Nf6 65. Kg6 Kf8 66. Bd6+ Kg8 67. Bf3 Kh8
68. Be7 Nd7 69. Bd5 Bc5 70. Bg5 Bd4 71. Kf7 Kh7 72. Be4+ Kh8 73. Bd5 Kh7 74. Ke6
Nf6 75. Bf3 Ng8 76. Be4+ Kh8 77. Kd5 Bc5 78. Bg6 Nf6+ 79. Kc6 Ng4 80. Bd8 Ne5+
81. Kb5 Kg8 82. Bc7 Nf3 83. Bxb6 Bxb6 84. Kxb6 Ne5 85. c5 Nd7+ 86. Kc6 Nxc5 87.
Kxc5 Kh8 88. Kd5 Kg8 89. Ke6 Kh8 90. Ke7 Kg8 91. Bf7+ Kh8 92. Kf8 Kh7 93. Bg6+
Kh8 94. Bf5 g6 95. hxg6 1/2-1/2

[Event "Druzynowe Mistrzostwa Polski - I Liga Seniorow 2019"]
[Site "Osrodek „Grod Piastow” ul. Jachtowa 42, 78-131 Dzwirzyno"]
[Date "1899-12-30"]
[Round "6.12"]
[White "Kantane, Anna"]
[Black "Malicka, Maria"]
[Result "1-0"]
[WhiteTitle "WIM"]
[BlackTitle "WCM"]
[WhiteElo "2273"]
[BlackElo "2095"]

1. e4 e5 2. Nf3 Nc6 3. Nc3 Nf6 4. d4 exd4 5. Nxd4 Bb4 6. Nxc6 bxc6 7. Qd4 Qe7 8.
f3 c5 9. Qf2 O-O 10. Bd2 d5 11. a3 Bxc3 12. Bxc3 dxe4 13. O-O-O Bb7 14. Qg3 Rad8
15. Bc4 exf3 16. Bd3 Rd6 17. Rhe1 Re6 18. gxf3 Rd8 19. Qh4 Re8 20. Bxf6 Qxf6 21.
Qxh7+ Kf8 22. Rxe6 Rxe6 23. Qh8+ Ke7 24. Qb8 Qf4+ 25. Kb1 Bxf3 26. Rf1 Rb6 27.
Qxa7 Qe5 28. b3 Bb7 29. Qa5 Kf8 30. Rf5 Qd6 31. Qxc5 Qxc5 32. Rxc5 Rc6 33. Rxc6
Bxc6 34. Kb2 Ke7 35. Kc3 Kd6 36. Kd4 Bd7 37. b4 f5 38. c4 g5 39. c5+ Ke6 40. b5
f4 41. c6 Bc8 42. a4 Kd6 43. a5 g4 44. Be4 f3 45. a6 f2 46. Bg2 Kd5+ 47. Ke4+
1-0

[Event "Druzynowe Mistrzostwa Polski - I Liga Seniorow 2019"]
[Site "Osrodek „Grod Piastow” ul. Jachtowa 42, 78-131 Dzwirzyno"]
[Date "1899-12-30"]
[Round "6.13"]
[White "Kolago, Marcin"]
[Black "Sopur, Lech"]
[Result "1/2-1/2"]
[WhiteTitle "m"]
[BlackTitle "m"]
[WhiteElo "2340"]
[BlackElo "2417"]

1. e4 e5 2. Nf3 Nc6 3. Bb5 a6 4. Bxc6 dxc6 5. Nc3 f6 6. d4 Bg4 7. dxe5 Qxd1+ 8.
Nxd1 Bxf3 9. gxf3 fxe5 10. Ne3 Bd6 11. h4 Nf6 12. h5 Kf7 13. Ng4 Ke6 14. Be3 Nxg4
15. fxg4 Rhf8 16. Ke2 Rf7 17. Rh3 Raf8 18. Rg1 Bb4 19. g5 Rd7 20. g6 h6 21. Rd1
Rd6 22. Rd3 Rxd3 23. cxd3 Be7 24. d4 Bf6 25. dxe5 Kxe5 26. f3 Rd8 27. Rh1 b6 28.
Rd1 Rd6 29. Rd3 c5 30. b3 Ke6 31. f4 Bd4 32. Kf3 Bxe3 33. Kxe3 Rxd3+ 34. Kxd3
b5 35. Ke3 a5 36. Kd3 Kf6 37. Ke3 Ke6 38. Kd3 Kf6 39. Ke3 Kf5 40. e5 Kg4 41. Kd3
Kf5 42. Ke4+ Ke6 1/2-1/2